| 000 | 00551nam a2200193Ia 4500 | ||
|---|---|---|---|
| 003 | GCL | ||
| 008 | 140319s9999 xx 000 0 eng d | ||
| 040 |
_aGCL / _cGCL |
||
| 082 | 0 | 4 |
_a617.57 _bJ O |
| 100 | 1 | _aJOHN, FRANK W. | |
| 245 | 1 | 0 |
_aOPERATIVE TECHNIQUES IN UPPER EXTREMITY SPORTS INQUIRIES / _cJOHN, FRANK W. |
| 260 |
_a[S.N] : _bMOSBY ، _c1995 |
||
| 300 | _a730 P | ||
| 650 | 0 | 4 | _aSPORT INGIRIES |
| 650 | 0 | 4 | _aARM - WOUNDS AND INJUIES |
| 650 | 0 | 4 | _aSHOULDER WOUNDS AND INJURIES |
| 650 | 0 | 4 | _aHAND - WOUNDS AND INJURIES |
| 942 |
_2ddc _cBK |
||
| 999 |
_c10190 _d10190 |
||